The blood of the lamb

Uloženo v:
Podrobná bibliografie
Hlavní autor: Vries, Peter de
Médium: Kniha
Jazyk:Undetermined
Vydáno: Toronto, Canadá Little, Brown and Co. 1961
Témata:
Tagy: Přidat tag
Žádné tagy, Buďte první, kdo vytvoří štítek k tomuto záznamu!

MARC

LEADER 00000nam a2200000Ia 4500
008 170316s9999 xx 000 0 und d
040 |a cru BVZT 
090 |a 810 V-6b 
100 |a Vries, Peter de 
245 4 |a The blood of the lamb 
260 |a Toronto, Canadá 
260 |b Little, Brown and Co. 
260 |c 1961 
300 |a 246 páginas 
650 |a LITERATURA ESTADOUNIDENSE 
999 |c 6231  |d 6231 
942 |c 15 D  |h 810 V-6b  |2 z